| 000 | 01046nam a22003017a 4500 | ||
|---|---|---|---|
| 001 | 5488 | ||
| 003 | FISKH | ||
| 005 | 20241212104234.0 | ||
| 008 | 241212b cb ||||| |||| 00| 0 eng d | ||
| 020 | _a9780516271729 | ||
| 040 |
_aFISKH _beng _cFISKH _dFISKH |
||
| 050 | _aND553.D3 | ||
| 082 | _a709.2 | ||
| 100 | _aVenezia, Mike | ||
| 245 |
_aEdgar Degas / _cWritten and illustrated by Mike Venezia |
||
| 260 |
_aNew York : _bChidren's Press ; _c2000. |
||
| 300 |
_a31 pages : _bcolor illustrations ; _c25 cm . |
||
| 490 | _aGetting to kinow the world's greatest artists | ||
| 505 | _aW | ||
| 520 | _aExamines the life and work of the nineteenth-century artist Edgar Degas, who loved to paint scenes of Paris and the people who worked and lived there. | ||
| 521 | 8 |
_a860
_bLexile |
|
| 521 | 8 |
_aW
_bRaz-Plus |
|
| 650 |
_aDegas, Edgar, 1834-1917 _vJuvenile literature |
||
| 650 |
_aPainters- France - Biology _vJuvenile literature |
||
| 700 |
_aHickey, Kathy _eillustrator |
||
| 942 |
_2ddc _cBK _n0 |
||
| 999 |
_c5488 _d5488 |
||